| 000 | 00645nam a22002057a 4500 | ||
|---|---|---|---|
| 005 | 20250103121209.0 | ||
| 010 | _aENG-143193 | ||
| 020 | _c200.00 | ||
| 035 | _aEN-126725 | ||
| 037 | _bDBAD | ||
| 082 | _a336.271 | ||
| 100 |
_aSudhakar, A. _975788 |
||
| 245 |
_aTheory and Practice of GST/ _cBy A. Sudhakar; O. Bhavani [and] N. Moses |
||
| 260 |
_aIndirapuram _bNational Publishing Company _c2021 |
||
| 270 |
_aSRB-43A, Shipra Riviera, Gyan Khand-3 _bIndirapuram _e201014 |
||
| 300 |
_a189p. _c23cm(pb) |
||
| 700 |
_a Bhavani, O. _eAuthor _975789 |
||
| 700 |
_aMoses, N. _eAuthor _975790 |
||
| 942 |
_2ddc _cEN _h336.271 _mSUD |
||
| 999 |
_c208005 _d208005 |
||